Normal view
MARC view
- LOGISTICS AND DISTRIBUTION PLANNING
Entry Topical Term
001 - CONTROL NUMBER
- control field: 61656
003 - CONTROL NUMBER IDENTIFIER
- control field: NUST
005 - DATE AND TIME OF LATEST TRANSACTION
- control field: 20210628202806.0
008 - FIXED-LENGTH DATA ELEMENTS
- fixed length control field: 210628|| aca||aabn | a|a d
040 ## - CATALOGING SOURCE
- Original cataloging agency: NUST
- Transcribing agency: NUST
150 ## - HEADING--TOPICAL TERM
- Topical term or geographic name entry element: LOGISTICS AND DISTRIBUTION PLANNING
670 ## - SOURCE DATA FOUND
- Source citation: Work cat.: (NUST): Waters, Donald 60244, Global logistics and distribution planning;strategies for management, 2003
